Cities in Slovakia accepted by cityquiz.io - Statistics

General Stats
  • This quiz has been taken 171 times
  • The average score is 20 of 184
Answer Stats
Population Answer % Correct
423,737 Bratislava
95%
236,563 Košice
80%
86,329 Nitra
59%
85,985 Žilina
54%
94,718 Prešov
52%
69,785 Trnava
49%
82,336 Banská Bystrica
46%
58,278 Trenčín
46%
60,817 Martin
40%
57,431 Poprad
38%
36,279 Komárno
29%
42,044 Nové Zámky
28%
44,502 Zvolen
28%
40,360 Michalovce
26%
23,639 Dunajská Streda
25%
35,367 Humenné
25%
39,195 Spišská Nová Ves
24%
37,574 Levice
23%
33,060 Bardejov
22%
33,509 Liptovský Mikuláš
22%
30,806 Ružomberok
22%
18,995 Dolný Kubín
21%
52,987 Prievidza
21%
19,261 Rožňava
21%
21,331 Brezno
20%
28.159 Lučenec
20%
43,936 Považská Bystrica
20%
30,000 Piešťany
19%
25,235 Rimavská Sobota
19%
14,673 Senec
19%
22,221 Snina
19%
14,511 Levoča
18%
17,773 Malacky
18%
25,181 Topoľčany
18%
24,670 Čadca
17%
21,527 Nové Mesto nad Váhom
17%
21,343 Pezinok
17%
4,700 Vysoké Tatry
17%
22,947 Trebišov
16%
11,279 Bytča
15%
21,391 Kežmarok
15%
12,290 Sabinov
15%
21,741 Senica
15%
10,191 Banská Štiavnica
14%
5,411 Ilava
14%
18,833 Púchov
14%
13,466 Revúca
14%
24,513 Šaľa
14%
15,013 Skalica
14%
15,020 Detva
13%
26,617 Dubnica nad Váhom
13%
16,365 Galanta
13%
8,135 Námestovo
13%
15,581 Sereď
13%
19,392 Žiar nad Hronom
13%
18,018 Handlová
12%
23,930 Hlohovec
12%
16,558 Kysucké Nové Mesto
12%
6,741 Medzilaborce
12%
13,142 Myjava
12%
24,370 Partizánske
12%
16,000 Stará Ľubovňa
12%
11,708 Štúrovo
12%
12,428 Svidník
12%
12,608 Veľky Krtíš
12%
7,298 Vrútky
12%
8,536 Modra
11%
6,099 Poltár
11%
12,143 Šamorín
11%
8,063 Stupava
11%
7,461 Trstená
11%
15,618 Zlaté Moravce
11%
1,503 Dudince
10%
6,404 Gelnica
10%
11,416 Holíč
10%
7,991 Krupina
10%
6,262 Sobrance
10%
9,544 Tvrdošín
10%
23,246 Vranov nad Topľou
10%
18,933 Bánovce nad Bebravou
9%
10,198 Fiľakovo
9%
4,614 Svätý Jur
9%
7,445 Svit
9%
6,596 Žarnovica
9%
5,343 Gabčíkovo
8%
8,153 Hurbanovo
8%
10,823 Kolárovo
8%
4,402 Nováky
8%
6,400 Rajec
8%
8,061 Šahy
8%
10,874 Stropkov
8%
4,934 Bojnice
7%
4,645 Čierna nad Tisou
7%
5,356 Kremnica
7%
6,130 Lipany
7%
7,572 Liptovský Hrádok
7%
7,505 Nová Baňa
7%
7,819 Sečovce
7%
10,291 Stará Turá
7%
10,491 Šurany
7%
4,215 Tisovec
7%
4,438 Trenčianske Teplice
7%
9,113 Veľký Meder
7%
9,493 Vráble
7%
7,522 Želiezovce
7%
4,896 Dobšiná
6%
8,812 Krompachy
6%
3,999 Leopoldov
6%
3,600 Štrba
6%
3,626 Čachtice
5%
5,223 Gbely
5%
4,189 Giraltovce
5%
6,136 Nemšová
5%
6,078 Sládkovičovo
5%
6,136 Spisšká Belá
5%
3,780 Spišské Podhradie
5%
1,330 Ždiar
5%
5,234 Čierny Balog
4%
4,482 Dunajská Lužná
4%
8,289 Hriňová
4%
3,173 Podolínec
4%
4,474 Strážske
4%
800 Tatranská Lomnica
4%
4,305 Tlmače
4%
7,854 Turzovka
4%
188 Čičmany
3%
350 Devín
3%
3,667 Medzev
3%
3,500 Oravská Lesná
3%
1,000 Starý Smokovec
3%
200 Štrbské Pleso
3%
4,073 Terchová
3%
667 Bešeňová
2%
5,567 Brezová pod Bradlom
2%
1,548 Hybe
2%
1,360 Pribylina
2%
1,455 Vrbov
2%
2,360 Žehra
2%
228 Červený Kláštor
1%
8,031 Chlmec
1%
400 Chorvástky Grob-Čierna Voda
1%
203 Demänovská Dolina
1%
550 Devínska Nová Ves
1%
1,552 Kováčová
1%
4,000 Ľubica
1%
1,787 Lúčky
1%
1,700 Marianka
1%
9,525 Moldova nad Bodvou
1%
542 Mýto pod Ďumbierom
1%
4,020 Nižná
1%
12,358 Nová Dubnia
1%
1,319 Oravský Podzámok
1%
3,287 Smolenice
1%
811 Svätý Križ
1%
1,608 Vinné
1%
13 Vlkolínec
1%
6,249 Vrbové
1%
247 Vyšné Nemecké
1%
1,296 Vyšné Ružbachy
1%
938 Betliar
0%
955 Bijacovce
0%
400 Hosťová
0%
6,245 Ivanki pri Dunaji
0%
404 Jakubovany
0%
1,287 Kavečany
0%
212 Konská
0%
250 Kostolné
0%
264 Krahule
0%
1,231 Krasňany
0%
263 Kremnické Bane
0%
930 Krušetnica
0%
3,929 Lehota pod Vtáčnikom
0%
200 Leštiny
0%
602 Liptovská Sielnica
0%
550 Liptovský Trnovec
0%
1,520 Nová Lesná
0%
807 Párnica
0%
481 Ploštín
0%
657 Stráža
0%
1,172 Sväty Anton
0%
2,649 Svodín
0%
563 Vágfüzes
0%
1,300 Vinosady
0%
650 Voznica
0%
No matching quizzes found
Score Distribution
Percent of People with Each Score
Percentile by Number Answered
Your Score History
You have not taken this quiz